| 000 | 01014nam a22001937a 4500 | ||
|---|---|---|---|
| 005 | 20231208104742.0 | ||
| 008 | 231129b ||||| |||| 00| 0 eng d | ||
| 040 | _cAL | ||
| 041 | _aKannada | ||
| 082 |
_223 _a398.2K _bPOOY |
||
| 100 |
_aBottikere Purushotthama Poonja ಬೊಟ್ಟಿಕೆರೆ ಪುರುಷೋತ್ತಮ ಪೂಂಜ _9144628 |
||
| 245 | _aYakshagana Prasangagalu :Vadhu Vaishalini -Ubayakula Billoja ಯಕ್ಷಗಾನ ಪ್ರಸಂಗಗಳು :ವಧೂ ವೈಶಾಲಿನಿ -ಉಭಯಕುಲ ಬಿಲ್ಲೋಜ | ||
| 260 |
_aMangalagangothri ಮಂಗಳಗಂಗೋತ್ರಿ _bPrasaranga Mangalore University ಪ್ರಸಾರಾಂಗ ಮಂಗಳೂರು ವಿಶ್ವವಿದ್ಯಾನಿಲಯ _c2018 |
||
| 300 |
_axvi,104 p. _bPB _c21x14 cm. |
||
| 365 |
_a063-065 _b₹60.00 _c₹ _d₹120.00 _e50% _f23-11-2023 |
||
| 650 |
_a Volume of Yakshagana Prasanga Composition _9143718 |
||
| 700 |
_aPOONJA (Bottikere Purushotthama) _9144559 |
||
| 942 |
_2ddc _cBK |
||
| 999 |
_c229341 _d229341 |
||